Object oriented programming using C++ (Record no. 327)

MARC details
000 -LEADER
Fixed length control field 00474nam a22001937a 4500
003 - CONTROL NUMBER IDENTIFIER
Control field SEACOMMC
005 - DATE AND TIME OF LATEST TRANSACTION
Control field 20231109083109.0
008 - FIXED-LENGTH DATA ELEMENTS--GENERAL INFORMATION
Fixed length control field 231109b |||||||| |||| 00| 0 eng d
020 ## - INTERNATIONAL STANDARD BOOK NUMBER / ISBN
Price Rs. 250.00
040 ## - CATALOGING SOURCE
Original cataloging agency SEACOMMC
082 ## - DEWEY DECIMAL CLASSIFICATION NUMBER
Classification number 005.117
Book Number CHA
100 1# - MAIN ENTRY--PERSONAL NAME
Personal name Chandra, B.
245 1# - TITLE STATEMENT
Title Object oriented programming using C++
Statement of responsibility B. Chandra
250 ## - EDITION STATEMENT
Edition statement 2nd ed
260 ## - IMPRINT
Place of publication New Delhi
Name of publisher Narosa
Date of publication 2005
650 ## - SUBJECT ADDED ENTRY--TOPICAL TERM
Topical term Computer science
650 ## - SUBJECT ADDED ENTRY--TOPICAL TERM
Topical term Programming
942 ## - ADDED ENTRY ELEMENTS (KOHA)
Koha item type Books
Holdings
Withdrawn status Lost status Source of classification Damaged status Not for loan Home library Current library Date acquired Total Checkouts Call number Accession number Date last seen Price effective from Koha item type
    Dewey Decimal Classification     SEACOM MANAGEMENT COLLEGE SEACOM MANAGEMENT COLLEGE 19/09/2006   005.117 CHA 05520 09/11/2023 09/11/2023 Books
© Seacom Engineering College, All rights reserved.    Powered by Koha